00506nam a2200181Ia 450000500170000000800410001702000180005804100120007608200170008810000310010524500590013625000120019526000360020730000200024365000240026365000220028765000150030920260429112205.0260429s9999||||xx |||||||||||||| ||und|| a9789355275684 aEnglish a894.811bPIL aPillai, M. S. Purnalingam 0aCritical studies in Kural / cM. S. Purnalingam Pillai a1st ed. aChennai : bMaven Books,c2023. axi, 100 p.; pbk a Literary criticism a Tamil literature aTirukkural